| 000 | 00445nam a2200157Ia 4500 | ||
|---|---|---|---|
| 999 |
_c20040 _d20040 |
||
| 003 | OSt | ||
| 005 | 20200630113627.0 | ||
| 008 | 190216s9999||||xx |||||||||||||| ||und|| | ||
| 040 | _coclc | ||
| 082 |
_a938 _bWHI/G |
||
| 100 |
_aWhite, Hayden V _93347 |
||
| 245 | 4 |
_aThe Greeco-Roman Tradition / _cHayden V White |
|
| 260 |
_bHarper & Row Publishers, _c1973. |
||
| 300 | _a158p | ||
| 942 |
_cBK _2ddc _h938 _iWHI/G _k938 _mWHI/G |
||